[Event "1800 - 2299 Rated Tournament 3"]
[Site "SchemingMind.com"]
[Date "2022.08.14"]
[Round "-"]
[White "Michael Christensen"]
[Black "The Stonewall"]
[Result "0-1"]
[WhiteCountry "GER"]
[BlackCountry "ENG"]
[WhiteElo "1772"]
[WhiteRD "84"]
[BlackElo "2317"]
[BlackRD "68"]
[GameID "725939"]

1. c4 Nf6 2. Nc3 g6 3. g3 Bg7 4. Bg2 O-O 5. e4 d6 6. Nge2 c5 7. O-O Nc6 8. d3 Rb8 9. Nd5 b5 10. Rb1 Bg4
11. h3 Bxe2 12. Qxe2 Nxd5 13. exd5 Nd4 14. Qd1 Re8 15. b3 Qa5 16. Rb2 Rb7 17. f4 Nf5 18. g4 Bxb2 19. gxf5 Bd4+ 20. Kh1 Qxa2
21. fxg6 fxg6 22. Qg4 Qxb3 23. f5 Qxd3 24. Be4 Qxf1+
0-1

[Event "1800 - 2299 Rated Tournament 3"]
[Site "SchemingMind.com"]
[Date "2022.08.14"]
[Round "-"]
[White "The Stonewall"]
[Black "Michael Christensen"]
[Result "1-0"]
[WhiteCountry "ENG"]
[BlackCountry "GER"]
[WhiteElo "2319"]
[WhiteRD "75"]
[BlackElo "1803"]
[BlackRD "89"]
[GameID "725940"]

1. e4 e6 2. b3 d5 3. Bb2 dxe4 4. Nc3 Nf6 5. Qe2 Be7 6. Nxe4 O-O 7. Nf3 a5 8. a4 Nc6 9. Bxf6 Bxf6 10. c3 Be7
11. d4 b6 12. Qe3 Bb7 13. Bd3 h6 14. O-O Qd7 15. Rfe1 Rfd8 16. Ng3 Qd5 17. Be4 Qd6 18. Ne5 Rab8 19. Qf3 Nxe5 20. dxe5
1-0

[Event "1800 - 2299 Rated Tournament 3"]
[Site "SchemingMind.com"]
[Date "2022.08.24"]
[Round "-"]
[White "Michael Christensen"]
[Black "Raymond de Kemp"]
[Result "0-1"]
[WhiteCountry "GER"]
[BlackCountry "NED"]
[WhiteElo "1772"]
[WhiteRD "84"]
[BlackElo "1815"]
[BlackRD "73"]
[GameID "726138"]

1. c4 e5 2. Nc3 Nf6 3. e4 Bc5 4. g3 d6 5. h3 Bd7 6. Bg2 O-O 7. Nge2 a6 8. O-O Nc6 9. d3 h6 10. Kh2 Nh7
11. Nd5 Ne7 12. f4 Nxd5 13. exd5 exf4 14. Nxf4 Re8 15. Qf3 Ng5 16. Qh5 Re5 17. Qd1 Re8 18. h4 Nh7 19. Qf3 b5 20. Nh5 Re7
21. g4 Bd4 22. Qf4 Be5
0-1

[Event "1800 - 2299 Rated Tournament 3"]
[Site "SchemingMind.com"]
[Date "2022.08.26"]
[Round "-"]
[White "Raymond de Kemp"]
[Black "Michael Christensen"]
[Result "1-0"]
[WhiteCountry "NED"]
[BlackCountry "GER"]
[WhiteElo "1815"]
[WhiteRD "73"]
[BlackElo "1772"]
[BlackRD "84"]
[GameID "726139"]

1. f4 b6 2. e4 Bb7 3. Nc3 e6 4. d4 Ne7 5. Nf3 g6 6. e5 Bg7 7. Bd3 O-O 8. O-O d6 9. Ne4 Nd7 10. exd6 Nf5
11. dxc7 Qxc7 12. c3 Rac8 13. Qe2 Rfd8 14. Bd2 Ne7 15. Neg5 Nd5 16. Ne5 f6 17. Nxe6 Qd6 18. Nc4
1-0

[Event "1800 - 2299 Rated Tournament 3"]
[Site "SchemingMind.com"]
[Date "2022.08.21"]
[Round "-"]
[White "The Stonewall"]
[Black "Raymond de Kemp"]
[Result "1-0"]
[WhiteCountry "ENG"]
[BlackCountry "NED"]
[WhiteElo "2319"]
[WhiteRD "75"]
[BlackElo "1779"]
[BlackRD "73"]
[GameID "726140"]

1. d4 Nf6 2. Nc3 d5 3. Bf4 e6 4. e3 a6 5. Bd3 c5 6. dxc5 Bxc5 7. Nf3 b5 8. O-O O-O 9. e4 Nc6 10. exd5 exd5
11. Qd2 Bg4 12. Ne5 Nb4 13. Nxg4 Nxg4 14. Bf5 Qh4 15. a3 Nc6 16. Bg3 Qh5 17. Qxd5 Bxf2+ 18. Rxf2 Nxf2 19. Be4 Qxd5 20. Bxd5 Nh3+
21. gxh3 Rac8 22. Rf1 Nd4 23. Bd6 Rfd8 24. Rxf7 Kh8 25. Be5
1-0

[Event "1800 - 2299 Rated Tournament 3"]
[Site "SchemingMind.com"]
[Date "2022.08.21"]
[Round "-"]
[White "Raymond de Kemp"]
[Black "The Stonewall"]
[Result "0-1"]
[WhiteCountry "NED"]
[BlackCountry "ENG"]
[WhiteElo "1779"]
[WhiteRD "73"]
[BlackElo "2319"]
[BlackRD "75"]
[GameID "726141"]

1. d4 Nf6 2. Bg5 g6 3. Bxf6 exf6 4. e3 d5 5. h4 h5 6. c4 dxc4 7. Bxc4 Bd6 8. Ne2 O-O 9. Nbc3 Nd7 10. Qc2 f5
11. O-O-O Nb6 12. Bb3 a5 13. f4 Qe8 14. Rh3 a4 15. Bd5 c6 16. Bf3 Nc4 17. Nxa4 Nxe3 18. Qb3 Nxd1 19. Qxd1 Bxf4+ 20. Nxf4 Qe3+
21. Qd2 Qxd2+ 22. Kxd2 Rxa4
0-1

[Event "1800 - 2299 Rated Tournament 3"]
[Site "SchemingMind.com"]
[Date "2022.09.01"]
[Round "-"]
[White "Michael Christensen"]
[Black "David Perna-Fraser"]
[Result "0-1"]
[WhiteCountry "GER"]
[BlackCountry "CAN"]
[WhiteElo "1883"]
[WhiteRD "76"]
[BlackElo "2018"]
[BlackRD "77"]
[GameID "726271"]

1. c4 e6 2. g3 d5 3. Bg2 c5 4. cxd5 exd5 5. Nf3 Nf6 6. d4 Nc6 7. O-O c4 8. Nc3 Be7 9. Re1 O-O 10. b3 cxb3
11. Qxb3 Na5 12. Qc2 Nc4 13. Ne5 Be6 14. Nxc4 dxc4 15. Bxb7 Rb8 16. Bg2 Qxd4 17. Be3 Qd7 18. Red1 Qc7 19. Bf4 Qa5 20. Bxb8 Rxb8
21. Rab1 Rxb1 22. Rxb1 Bb4 23. Qa4 Qxa4 24. Nxa4 a5 25. Nc3 h6 26. Ne4 Nd5 27. f4 f5 28. Nf2 Nc3 29. Rb2 Na4 30. Rc2 c3
31. Bc6 Nb2 32. a3 Bb3 33. Rc1 Bc5 34. Kf1 c2 35. Bd5+ Bxd5 36. Rxc2 Nc4 37. a4 Ne3+
0-1

[Event "1800 - 2299 Rated Tournament 3"]
[Site "SchemingMind.com"]
[Date "2022.09.01"]
[Round "-"]
[White "David Perna-Fraser"]
[Black "Michael Christensen"]
[Result "1/2-1/2"]
[WhiteCountry "CAN"]
[BlackCountry "GER"]
[WhiteElo "2018"]
[WhiteRD "77"]
[BlackElo "1883"]
[BlackRD "76"]
[GameID "726272"]

1. e4 e6 2. d4 d5 3. exd5 exd5 4. Nf3 Nc6 5. Bb5 Bd6 6. O-O Ne7 7. Re1 O-O 8. c3 a6 9. Ba4 b5 10. Bc2 Ng6
11. Bg5 Nce7 12. Bxg6 fxg6 13. Qe2 Re8 14. Nbd2 h6 15. Bh4 g5 16. Bg3 Bf5 17. Ne5 Ng6 18. Qh5 Nxe5 19. Bxe5 Bxe5 20. dxe5 Qd7
21. Nf3 Bg4 22. Qg6 Bf5 23. Qh5 Bg4 24. Qg6 Bf5 25. Qh5 Bg4 26. Qg6 Bf5 27. Qh5 Bg4
1/2-1/2

[Event "1800 - 2299 Rated Tournament 3"]
[Site "SchemingMind.com"]
[Date "2022.09.01"]
[Round "-"]
[White "The Stonewall"]
[Black "David Perna-Fraser"]
[Result "1-0"]
[WhiteCountry "ENG"]
[BlackCountry "CAN"]
[WhiteElo "2317"]
[WhiteRD "68"]
[BlackElo "2124"]
[BlackRD "87"]
[GameID "726273"]

1. Nf3 Nf6 2. c4 e6 3. Nc3 d5 4. e3 c5 5. cxd5 exd5 6. d4 Be7 7. dxc5 O-O 8. Be2 Nc6 9. O-O Bxc5 10. b3 a6
11. Bb2 h6 12. Na4 Bd6 13. Bxf6 gxf6 14. Rc1 Kh8 15. Nc5 Rg8 16. Kh1
1-0

[Event "1800 - 2299 Rated Tournament 3"]
[Site "SchemingMind.com"]
[Date "2022.09.01"]
[Round "-"]
[White "David Perna-Fraser"]
[Black "The Stonewall"]
[Result "0-1"]
[WhiteCountry "CAN"]
[BlackCountry "ENG"]
[WhiteElo "2124"]
[WhiteRD "87"]
[BlackElo "2317"]
[BlackRD "68"]
[GameID "726274"]

1. e4 c5 2. Nf3 e6 3. d4 cxd4 4. Nxd4 a6 5. f3 Bc5 6. Be3 Qb6 7. c3 e5 8. b4 Bxd4 9. cxd4 Nc6 10. Nd2 exd4
11. Bf4 Qxb4 12. Rb1 Qa5 13. Bd3 b5 14. Bd6 Qxa2 15. O-O Qe6 16. e5 Nge7
0-1

[Event "1800 - 2299 Rated Tournament 3"]
[Site "SchemingMind.com"]
[Date "2022.09.01"]
[Round "-"]
[White "David Perna-Fraser"]
[Black "Raymond de Kemp"]
[Result "0-1"]
[WhiteCountry "CAN"]
[BlackCountry "NED"]
[WhiteElo "2095"]
[WhiteRD "90"]
[BlackElo "1791"]
[BlackRD "71"]
[GameID "726275"]

1. e4 c5 2. Nf3 d6 3. d4 cxd4 4. Nxd4 Nf6 5. Nc3 a6 6. f3 e5 7. Nb3 Be6 8. Be3 Nbd7 9. Qd2 b5 10. g4 Nb6
11. O-O-O Be7 12. h4 O-O 13. h5 Nc4 14. Qe1 Nxe3 15. Qxe3 Nxg4 16. fxg4 Bg5 17. Qxg5 Qxg5+ 18. Kb1 Bxg4 19. Rg1 Qxh5 20. Rd2 f5
21. exf5 Bxf5 22. Nd5 Qh4 23. Rdg2 g6
0-1

[Event "1800 - 2299 Rated Tournament 3"]
[Site "SchemingMind.com"]
[Date "2022.09.01"]
[Round "-"]
[White "Raymond de Kemp"]
[Black "David Perna-Fraser"]
[Result "1-0"]
[WhiteCountry "NED"]
[BlackCountry "CAN"]
[WhiteElo "1815"]
[WhiteRD "73"]
[BlackElo "2124"]
[BlackRD "87"]
[GameID "726276"]

1. f4 e5 2. fxe5 d6 3. exd6 Bxd6 4. Nf3 g5 5. g3 g4 6. Nh4 Ne7 7. d4 Ng6 8. Nxg6 hxg6 9. Qd3 Bf5 10. e4 Qe7
11. Bg2 Nc6 12. c3 O-O-O 13. Be3 Bd7 14. Nd2 Rde8 15. O-O-O f5 16. e5 Bxe5 17. dxe5 Nxe5 18. Qc2 Nf3 19. Bf2 Rxh2 20. Rxh2 Nxh2
21. Qb3 c6 22. Bxa7 Nf3 23. Nc4 Qg5+ 24. Kb1 Re1 25. Nd6+ Kd8 26. Qg8+
1-0

[Event "1800 - 2299 Rated Tournament 3"]
[Site "SchemingMind.com"]
[Date "2022.09.10"]
[Round "-"]
[White "Michael Christensen"]
[Black "echecs"]
[Result "1-0"]
[WhiteCountry "GER"]
[BlackCountry "ENG"]
[WhiteElo "1837"]
[WhiteRD "82"]
[BlackElo "1864"]
[BlackRD "88"]
[GameID "726523"]

1. c4 c5 2. g3 Nc6 3. Bg2 g6 4. Nc3 Bg7 5. e4 b6 6. Nge2 Bb7 7. O-O Ne5 8. d3 Rb8 9. f4 Ng4 10. h3 N4f6
11. e5 Bxg2 12. exf6 Nxf6 13. Kxg2 O-O 14. f5 d5 15. Bf4 Rc8 16. fxg6 hxg6 17. Rb1 d4 18. Ne4 Nxe4 19. dxe4 e5 20. Bd2 Kh7
21. Ng1 Qe7 22. Nf3 Rh8 23. Ng5+ Kg8 24. Qg4 Rf8 25. Rf2 Qb7 26. Kh2 Rh5 27. Rbf1 Qe7 28. Nxf7 Rh7 29. Ng5 Rxf2+ 30. Rxf2 Rh5
31. Qc8+
1-0

[Event "1800 - 2299 Rated Tournament 3"]
[Site "SchemingMind.com"]
[Date "2022.09.10"]
[Round "-"]
[White "echecs"]
[Black "Michael Christensen"]
[Result "0-1"]
[WhiteCountry "ENG"]
[BlackCountry "GER"]
[WhiteElo "1865"]
[WhiteRD "93"]
[BlackElo "1883"]
[BlackRD "76"]
[GameID "726524"]

1. e4 e6 2. Nf3 d5 3. exd5 exd5 4. Be2 c5 5. d3 Nc6 6. O-O Nf6 7. Re1 Be7 8. Nbd2 O-O 9. Nb3 Re8 10. Bg5 h6
11. Rb1 hxg5 12. Nxg5 Nh7 13. Nxh7 Kxh7 14. Bg4 Kg8 15. Bxc8 Rxc8 16. Nd2 Bg5 17. Rxe8+ Qxe8 18. Nf3 Qe7 19. a3 Re8 20. c3 Bh6
21. g3 Qe2 22. Qxe2 Rxe2 23. Kf1 Re6 24. Rd1 Ne5 25. Nxe5 Rxe5 26. d4 cxd4 27. Rxd4 Rf5 28. a4 Be3 29. Rb4 Rxf2+ 30. Ke1 b6
31. h4 Rg2 32. g4 Bc5 33. Rf4 Rxb2 34. h5 Be3 35. Rf5 Bd2+ 36. Kf1 Bxc3 37. Rxd5 Rd2 38. Rf5 Rd4 39. g5 Rxa4 40. Rd5 Kf8
41. g6 Rf4+ 42. Ke2 fxg6 43. hxg6 Ke7 44. Rd3 Re4+ 45. Kf3 Rc4 46. Kg3 Be5+ 47. Kf3 Rc3 48. Ke4 Rxd3
0-1

[Event "1800 - 2299 Rated Tournament 3"]
[Site "SchemingMind.com"]
[Date "2022.09.10"]
[Round "-"]
[White "echecs"]
[Black "The Stonewall"]
[Result "0-1"]
[WhiteCountry "ENG"]
[BlackCountry "ENG"]
[WhiteElo "1864"]
[WhiteRD "88"]
[BlackElo "2305"]
[BlackRD "68"]
[GameID "726525"]

1. e4 d5 2. exd5 Nf6 3. Nf3 Bg4 4. Be2 Qxd5 5. d3 Nc6 6. Nc3 Qd7 7. O-O e5 8. Bg5 O-O-O 9. a3 Be7 10. b4 h6
11. Be3 Qe6 12. Nd2 Bf5 13. b5 Nd4 14. a4 Kb8 15. a5 Bb4 16. Nce4 Nxb5 17. Bf3 Nxe4 18. Nxe4 Bxe4 19. Bxe4 f5 20. Bf3 e4
21. Be2 Nc3 22. Qe1 Rhe8 23. Bd2 exd3 24. Bxd3 Qf6 25. Qc1 Rxd3 26. Bxc3 Rxc3 27. Qb2 c5 28. Qc1 Re2 29. a6 Rcxc2 30. Qd1 Rcd2
31. Qb1 b5 32. Qb3 Rxf2 33. Qg3+ f4 34. Qxf2 Rxf2 35. Kxf2 Qd4+ 36. Kf3 h5 37. Rad1 Qe3#
0-1

[Event "1800 - 2299 Rated Tournament 3"]
[Site "SchemingMind.com"]
[Date "2022.09.10"]
[Round "-"]
[White "The Stonewall"]
[Black "echecs"]
[Result "1-0"]
[WhiteCountry "ENG"]
[BlackCountry "ENG"]
[WhiteElo "2317"]
[WhiteRD "68"]
[BlackElo "1842"]
[BlackRD "89"]
[GameID "726526"]

1. e4 e5 2. Nf3 Nc6 3. d4 exd4 4. Bc4 Be7 5. Nxd4 d6 6. Nc3 Ne5 7. Be2 Nf6 8. O-O O-O 9. f4 Ned7 10. Bf3 Re8
11. g4 Nb6 12. g5 Nfd7 13. Bg2 Nc5 14. Qh5 f6 15. Nd5 Nxd5 16. exd5 Rf8 17. b4 Na4 18. Bd2 Nb6 19. Rfe1 fxg5 20. Be4 g6
21. Bxg6 hxg6 22. Qxg6+ Kh8 23. fxg5 Nxd5 24. Re4
1-0

[Event "1800 - 2299 Rated Tournament 3"]
[Site "SchemingMind.com"]
[Date "2022.09.10"]
[Round "-"]
[White "echecs"]
[Black "David Perna-Fraser"]
[Result "0-1"]
[WhiteCountry "ENG"]
[BlackCountry "CAN"]
[WhiteElo "1854"]
[WhiteRD "92"]
[BlackElo "2070"]
[BlackRD "78"]
[GameID "726527"]

1. e4 e5 2. Nf3 Nf6 3. Nc3 Bb4 4. d3 d5 5. exd5 Nxd5 6. Bd2 Bxc3 7. bxc3 O-O 8. Be2 Nc6 9. O-O Bf5 10. a3 f6
11. Nh4 Be6 12. Bf3 f5 13. g3 f4 14. Re1 fxg3 15. hxg3 Qf6 16. Be4 Qxf2+ 17. Kh1 Qxg3 18. Ng2 Rf2 19. Rf1 Raf8 20. Rxf2 Rxf2
21. Qh5 Nf6 22. Be3 Nxh5
0-1

[Event "1800 - 2299 Rated Tournament 3"]
[Site "SchemingMind.com"]
[Date "2022.09.10"]
[Round "-"]
[White "David Perna-Fraser"]
[Black "echecs"]
[Result "0-1"]
[WhiteCountry "CAN"]
[BlackCountry "ENG"]
[WhiteElo "2018"]
[WhiteRD "77"]
[BlackElo "1865"]
[BlackRD "93"]
[GameID "726528"]

1. e4 e5 2. Nf3 Nc6 3. Bb5 d6 4. d4 exd4 5. Nxd4 Bd7 6. Nc3 Nf6 7. O-O Nxd4 8. Bxd7+ Nxd7 9. Qxd4 Qf6 10. Qxf6 Nxf6
11. Bg5 Be7 12. Bxf6 Bxf6 13. Nd5 Bd8 14. c4 c6 15. Nc3 O-O 16. Rfd1 Bc7 17. Rd3 Rfe8 18. Rad1 a6 19. a3 b5 20. cxb5 axb5
21. f3 g6 22. Ne2 d5 23. Nc3 Bb6+ 24. Kf1 d4 25. Ne2 c5 26. Rb3 Ra5 27. a4 b4 28. Ra1 Rea8 29. Nxd4 cxd4 30. Rxb4 Bc5
31. Rc4 Bb6 32. b3 Kg7 33. Ke2 R8a7 34. Kd3 R5a6 35. Rac1 h5 36. h3 Kh6 37. f4 Ra5 38. Rc6 R5a6 39. b4 Bd8
0-1

[Event "1800 - 2299 Rated Tournament 3"]
[Site "SchemingMind.com"]
[Date "2022.09.10"]
[Round "-"]
[White "echecs"]
[Black "Raymond de Kemp"]
[Result "1-0"]
[WhiteCountry "ENG"]
[BlackCountry "NED"]
[WhiteElo "1864"]
[WhiteRD "88"]
[BlackElo "1791"]
[BlackRD "71"]
[GameID "726529"]

1. e4 d5 2. exd5 Nf6 3. Nf3 Nxd5 4. d3 g6 5. Be2 Bg7 6. O-O O-O 7. Nbd2 e5 8. Re1 Re8 9. Nc4 Bf6 10. c3 b5
11. Ncd2 Nf4 12. Ne4 Nxe2+ 13. Qxe2 Bg7 14. Ng3 Nd7 15. d4 Bb7 16. Be3 e4 17. Nd2 a6 18. a4 Bc6 19. axb5 axb5 20. Rxa8 Qxa8
21. Qg4 Nf6 22. Qf4 Nd5 23. Qh4 Nxe3 24. fxe3 Re6 25. Nb3 Bf6 26. Qg4 Be7 27. Ra1 Qf8 28. Rf1 Bd6 29. Nf5 Kh8 30. Nxd6 Rxd6
31. Nc5 Qe7 32. Qf4 f5 33. b4 Rd8 34. Ra1 Bd7 35. Qxc7 Rc8 36. Qxd7 Qxd7 37. Nxd7 Rxc3 38. Kf2 Rb3 39. Nc5 Rxb4 40. Ne6 Rb2+
41. Kg3 h5 42. Ra7 Re2 43. Ra3 Kh7 44. Nf4 Rb2 45. Ra7+
1-0

[Event "1800 - 2299 Rated Tournament 3"]
[Site "SchemingMind.com"]
[Date "2022.09.10"]
[Round "-"]
[White "Raymond de Kemp"]
[Black "echecs"]
[Result "0-1"]
[WhiteCountry "NED"]
[BlackCountry "ENG"]
[WhiteElo "1815"]
[WhiteRD "73"]
[BlackElo "1842"]
[BlackRD "89"]
[GameID "726530"]

1. e4 e5 2. f4 exf4 3. Nf3 d6 4. d4 g5 5. h4 f6 6. Bc4 Qe7 7. Nc3 Be6 8. d5 Bg4 9. Qd3 Bg7 10. Bd2 Nd7
11. O-O-O O-O-O 12. Nb5 Kb8 13. Qa3 a6 14. Nbd4 Nc5 15. Nc6+ bxc6 16. dxc6 Qxe4 17. Qb4+ Ka7 18. Rde1 Qxc6 19. Nd4 Qb7 20. Qa3 Nh6
21. Nb5+ Kb8 22. Nd4 Nf5 23. Ne6 Nxe6 24. Bxa6 Qa7 25. Qb3+ Qb6 26. Qxb6+ cxb6 27. Rxe6 Ng3 28. Re7 Nxh1 29. Rb7+ Ka8 30. Rxg7 h5
31. hxg5 fxg5 32. Bc3 Rhg8 33. Rb7 Bc8
0-1

[Event "1800 - 2299 Rated Tournament 3"]
[Site "SchemingMind.com"]
[Date "2022.09.08"]
[Round "-"]
[White "Michael Christensen"]
[Black "Vanycuba"]
[Result "0-1"]
[WhiteCountry "GER"]
[BlackCountry "CUB"]
[WhiteElo "1772"]
[WhiteRD "84"]
[BlackElo "2336"]
[BlackRD "94"]
[GameID "726576"]

1. c4 e5 2. g3 Nf6 3. Bg2 d5 4. cxd5 Nxd5 5. Nf3 Nc6 6. O-O Nb6 7. d3 Be7 8. Nbd2 O-O 9. a3 a5 10. b3 Be6
11. Bb2 f6 12. Qc2 Qd7 13. e3 Bf5 14. Ne4 Qe6 15. Rac1 Rfd8 16. Rfd1 Rd7 17. Ne1 Bg6 18. Qc3 Bh5 19. Rd2 Bf7 20. Rdc2 h6
21. Nd2 Nd4 22. Bxb7 Ne2+
0-1

[Event "1800 - 2299 Rated Tournament 3"]
[Site "SchemingMind.com"]
[Date "2022.09.08"]
[Round "-"]
[White "Vanycuba"]
[Black "Michael Christensen"]
[Result "1-0"]
[WhiteCountry "CUB"]
[BlackCountry "GER"]
[WhiteElo "2336"]
[WhiteRD "94"]
[BlackElo "1772"]
[BlackRD "84"]
[GameID "726577"]

1. e4 e6 2. d4 d5 3. Nc3 Nf6 4. e5 Nfd7 5. f4 c5 6. Nf3 Nc6 7. Be3 cxd4 8. Nxd4 Qb6 9. Qd2 Qxb2 10. Rb1 Qa3
11. Bb5 Nxd4 12. Bxd4 a6 13. Bxd7+ Bxd7 14. Rb3 Qe7 15. Rxb7 Qh4+ 16. Bf2 Qd8 17. Bb6 Qc8 18. Rc7 Qd8 19. Qd4 Rc8 20. Rc6 Qh4+
21. g3 Qe7 22. Rxc8+ Bxc8 23. Kd2 Qb7 24. Rb1 Qc6 25. Na4 Be7 26. Bc5 Bxc5 27. Qxc5 Qxc5 28. Nxc5 O-O 29. Rb8 f5 30. a4 Kf7
31. a5 Ke7 32. Ra8
1-0

[Event "1800 - 2299 Rated Tournament 3"]
[Site "SchemingMind.com"]
[Date "2022.09.11"]
[Round "-"]
[White "echecs"]
[Black "Vanycuba"]
[Result "0-1"]
[WhiteCountry "ENG"]
[BlackCountry "CUB"]
[WhiteElo "1828"]
[WhiteRD "86"]
[BlackElo "2272"]
[BlackRD "102"]
[GameID "726578"]

1. e4 c5 2. Nf3 d6 3. Bb5+ Nd7 4. Nc3 a6 5. Be2 Ngf6 6. d3 b5 7. a3 Bb7 8. O-O g6 9. Bd2 Bg7 10. Re1 O-O
11. Qc1 e5 12. Bg5 Re8 13. Bh6 Nf8 14. Bxg7 Kxg7 15. Nd1 d5 16. exd5 Nxd5 17. Ne3 Nf4 18. Bd1 N8e6 19. g3 Nh3+ 20. Kg2 Neg5
21. Nf1 Nxf3 22. Bxf3 Bxf3+ 23. Kxh3 Qd7+
0-1

[Event "1800 - 2299 Rated Tournament 3"]
[Site "SchemingMind.com"]
[Date "2022.09.11"]
[Round "-"]
[White "Vanycuba"]
[Black "echecs"]
[Result "1-0"]
[WhiteCountry "CUB"]
[BlackCountry "ENG"]
[WhiteElo "2272"]
[WhiteRD "102"]
[BlackElo "1828"]
[BlackRD "86"]
[GameID "726579"]

1. e4 e5 2. Nf3 Nc6 3. Bc4 Be7 4. d4 exd4 5. Nxd4 Ne5 6. Bb3 Nf6 7. f4 Ng6 8. Nc3 Nxf4 9. Bxf4 d6 10. O-O a6
11. Ba4+ Bd7 12. Nf5 O-O 13. Bxd7 Nxd7 14. Qg4 Bf6 15. Nxg7
1-0

[Event "1800 - 2299 Rated Tournament 3"]
[Site "SchemingMind.com"]
[Date "2022.09.08"]
[Round "-"]
[White "The Stonewall"]
[Black "Vanycuba"]
[Result "0-1"]
[WhiteCountry "ENG"]
[BlackCountry "CUB"]
[WhiteElo "2305"]
[WhiteRD "68"]
[BlackElo "2432"]
[BlackRD "83"]
[GameID "726580"]

1. e4 c5 2. Nc3 Nc6 3. Bb5 Nd4 4. Nf3 a6 5. Bd3 g6 6. O-O Bg7 7. Re1 e6 8. b3 Ne7 9. Bb2 O-O 10. Nxd4 Bxd4
11. Na4 d6 12. Bxd4 cxd4 13. Nb2 Nc6 14. c3 Rb8 15. Qe2 b5 16. c4 bxc4 17. Nxc4 e5 18. Rac1 a5 19. Nb2 Nb4 20. Bb1 Ba6
21. d3 Bc8 22. Qd2 Be6 23. f4 exf4 24. Qxf4 Rc8 25. Nc4 Bxc4 26. dxc4 Rc5 27. Rcd1 Nc6 28. Rd3 Re5 29. Rh3 Qg5 30. Qf2 Re7
31. Rf1 Qc5 32. Qh4 f5 33. Rhf3 d3+ 34. Qf2 d2 35. Qxc5 dxc5 36. Rd3 fxe4 37. Rxf8+ Kxf8 38. Rxd2 e3 39. Rd1 Nd4 40. Re1 Kg7
41. Bd3 g5 42. h3 h5 43. Kh2 h4 44. Kg1 Kf6 45. Kf1 g4 46. hxg4 Kg5 47. Be2 Kf4 48. Bd1 Re8 49. Be2 Ke4 50. Bd1 Kd3
51. Be2+ Kc3 52. Rc1+ Kb2 53. Re1 Kxa2
0-1

[Event "1800 - 2299 Rated Tournament 3"]
[Site "SchemingMind.com"]
[Date "2022.09.08"]
[Round "-"]
[White "Vanycuba"]
[Black "The Stonewall"]
[Result "1-0"]
[WhiteCountry "CUB"]
[BlackCountry "ENG"]
[WhiteElo "2482"]
[WhiteRD "80"]
[BlackElo "2311"]
[BlackRD "70"]
[GameID "726581"]

1. d4 Nf6 2. c4 g6 3. Nc3 Bg7 4. e4 d6 5. Nf3 O-O 6. h3 Na6 7. Bg5 Qe8 8. Bd3 e5 9. O-O exd4 10. Nxd4 Nc5
11. Re1 Nfd7 12. Bc2 Ne6 13. Nxe6 fxe6 14. Nb5 Qf7 15. Nxc7 Qxf2+ 16. Kh1 Bxb2 17. Rb1 Be5 18. Re3 Rb8 19. Nxe6 Rf6 20. Qd3 Rxe6
21. Rf1 Nc5 22. Qd1 Qxf1+ 23. Qxf1 b6 24. Bh6 Re8 25. Ra3 a5 26. Rf3 Bb7 27. Qe2 Bc8 28. Rf2 Be6 29. h4 Bf7 30. Bf4 Re6
31. Bxe5 dxe5 32. Qd1 Rf8 33. Kh2 Kg7 34. Rd2 Rf6 35. Rd8 Rxd8 36. Qxd8 h5 37. Qc7 Re6 38. Kg1 Na6 39. Qd8 Nc5 40. Bd1 Rc6
41. Bf3 Re6 42. Qb8 Na6 43. Qa8 Nc5 44. Qd8 Na6 45. g4 Nc5 46. gxh5 gxh5 47. Qc7 Kf8 48. Bg2 Kg7 49. Bh3 Na6 50. Qc8 Rg6+
51. Kh2 Nb4 52. Qc7 Nd3 53. Bf5 Rf6 54. Kg3 a4 55. Qe7 Nc5 56. Qxe5 Bxc4 57. Qc7+ Bf7 58. Kh2 a3 59. Kg1 Ne6 60. Qxb6 Nf8
61. Qa7 Ng6 62. Qxa3
1-0

[Event "1800 - 2299 Rated Tournament 3"]
[Site "SchemingMind.com"]
[Date "2022.09.13"]
[Round "-"]
[White "David Perna-Fraser"]
[Black "Vanycuba"]
[Result "0-1"]
[WhiteCountry "CAN"]
[BlackCountry "CUB"]
[WhiteElo "2070"]
[WhiteRD "78"]
[BlackElo "2482"]
[BlackRD "80"]
[GameID "726582"]

1. e4 c5 2. Nf3 d6 3. d4 cxd4 4. Nxd4 Nf6 5. Nc3 a6 6. f3 e5 7. Nb3 Be6 8. Be3 h5 9. Qd2 Nbd7 10. O-O-O Be7
11. g3 O-O 12. h3 b5 13. g4 b4 14. Nd5 Bxd5 15. exd5 a5 16. g5 Nh7 17. h4 a4 18. Na1 Qa5 19. Bd3 Bd8 20. Bf5 a3
21. b3 Nc5 22. Bxc5 Qxc5 23. Qd3 g6 24. Be4 Qc3 25. Qxc3 bxc3 26. Rhg1 Bb6 27. Rg2 Be3+ 28. Kb1 Bf4 29. Rd3 Rfc8 30. Rd1 Kg7
31. Rd3 Rab8 32. Rd1 Nf8 33. Bd3 Nd7 34. Ba6 Rc5 35. Be2 Nb6 36. Bd3 Nxd5 37. Rh1 Nb4 38. Be2 Rd5 39. Rd1 Rxd1+ 40. Bxd1 Rb5
0-1

[Event "1800 - 2299 Rated Tournament 3"]
[Site "SchemingMind.com"]
[Date "2022.09.13"]
[Round "-"]
[White "Vanycuba"]
[Black "David Perna-Fraser"]
[Result "1-0"]
[WhiteCountry "CUB"]
[BlackCountry "CAN"]
[WhiteElo "2482"]
[WhiteRD "80"]
[BlackElo "2070"]
[BlackRD "78"]
[GameID "726583"]

1. e4 e5 2. Nf3 Nf6 3. Nc3 Bb4 4. Nxe5 Bxc3 5. dxc3 d6 6. Nd3 Nxe4 7. Be2 O-O 8. O-O Nc6 9. f3 Nf6 10. Bg5 h6
11. Bh4 Re8 12. Re1 Bf5 13. Qd2 Ne5 14. Bf1 Bxd3 15. cxd3 g5 16. Bf2 Ng6 17. c4 c6 18. a4 a6 19. Bd4 c5 20. Bc3 Nd7
21. Rxe8+ Qxe8 22. d4 Qe6 23. Re1 Qf5 24. Bd3 Qf4 25. Bxg6 fxg6 26. Qxf4 gxf4 27. Re6 Kf7 28. Rxd6 Ke7 29. Rxg6 cxd4 30. Bb4+ Kf7
31. Rd6 Ne5 32. Rxd4 Nc6 33. Rxf4+ Ke6 34. Bc3 h5 35. Rf6+ Ke7 36. Rh6 Rc8 37. h4 Nb8 38. Rxh5 Rxc4 39. Rh7+ Ke6 40. Rxb7 Nd7
41. Rb4 Rc5 42. g4 Rd5 43. h5 Kf7 44. Rd4 Rxd4 45. Bxd4 Kg8 46. b4
1-0

[Event "1800 - 2299 Rated Tournament 3"]
[Site "SchemingMind.com"]
[Date "2022.09.10"]
[Round "-"]
[White "Raymond de Kemp"]
[Black "Vanycuba"]
[Result "0-1"]
[WhiteCountry "NED"]
[BlackCountry "CUB"]
[WhiteElo "1815"]
[WhiteRD "73"]
[BlackElo "2336"]
[BlackRD "94"]
[GameID "726584"]

1. f4 d5 2. Nf3 c5 3. g3 Nf6 4. Bg2 Nc6 5. O-O g6 6. d3 Bg7 7. c3 O-O 8. Na3 b6 9. Qe1 Bb7 10. Nc2 Re8
11. e4 dxe4 12. dxe4 e5 13. f5 Qd3 14. Qd2 Ba6 15. fxg6 hxg6 16. Rf2 Nxe4 17. Nfe1 Qxd2 18. Rxd2 Nxd2 19. Bxc6 Nc4 20. Bxa8 Rxa8
21. b3 Na5 22. Ne3 Rd8 23. Nf3 e4 24. Ng5 Bxc3 25. Rb1 Nc6 26. Nc4 Rd1+ 27. Kg2 Bxc4 28. bxc4 e3
0-1

[Event "1800 - 2299 Rated Tournament 3"]
[Site "SchemingMind.com"]
[Date "2022.09.10"]
[Round "-"]
[White "Vanycuba"]
[Black "Raymond de Kemp"]
[Result "1-0"]
[WhiteCountry "CUB"]
[BlackCountry "NED"]
[WhiteElo "2336"]
[WhiteRD "94"]
[BlackElo "1815"]
[BlackRD "73"]
[GameID "726585"]

1. e4 c5 2. Nc3 Nc6 3. Bb5 Nd4 4. Bc4 a6 5. a4 Nf6 6. Nge2 e6 7. O-O d5 8. exd5 exd5 9. Ba2 Be7 10. Nxd4 cxd4
11. Ne2 d3 12. cxd3 Bf5 13. d4 Rc8 14. d3 O-O 15. h3 Re8 16. Bb3 Bd6 17. Nf4 Bb8 18. Qf3 Bxf4 19. Bxf4 Be6 20. a5 h6
21. Ba4 Re7 22. Bxh6 Nh7 23. Qg3 g6 24. Rfe1 b5 25. Bb3 Qc7 26. Re5 Nf8 27. Qh4 f6 28. Qxf6 Rf7 29. Qg5 Qe7 30. Qe3 Qc7
31. Bxf8 Rcxf8 32. Rxe6 Kg7 33. Rc1
1-0